| 000 | 01942ncm0a22003731 4500 | ||
|---|---|---|---|
| 001 | RU\NLR\ONIZ\218477 | ||
| 005 | 20250626062603.0 | ||
| 010 | _a978-5-903138-44-9 | ||
| 021 |
_aRU _b11-240н _911-20н |
||
| 035 | _aRU\NLR\ONIZ\Таня\5000004345\20170524150636 | ||
| 035 | _a(NLR Aleph) 011414972 | ||
| 090 |
_a11579408 _c11579408 |
||
| 100 | _a20170524d2011 |||y0rusy50 ca | ||
| 101 | 0 | _arus | |
| 102 | _aRU | ||
| 125 | _azx | ||
| 128 | _ascs | ||
| 145 | 0 | _ac | |
| 200 | 1 |
_aПо тонкой кромке бытия _bНоты _eсб. нот и песен _e[для голоса с букв.-цифр. обозначением партии сопровожд.] _fС. Никулина |
|
| 210 |
_aРязань _cЗёрна-слово _d2011 |
||
| 215 |
_a143 с. _cцв. ил., фото., фотопортр. _d26 см |
||
| 313 | _aСистематизация документа проведена по изданию - Методика классифицирования музыкальных произведений (нотных изданий) по таблицам Библиотечно-библиографических классификаций : метод. рекомендации / Гос. б-ка СССР им. В.И. Ленина.- М., 1977. Индексу ББК методических рекомендаций присваивается код ББК для научных библиотек - LBC/SL | ||
| 606 | 1 |
_aДуховные песни _yРоссия _zXXI век _jНоты _2nlr_sh |
|
| 686 |
_aЩ99я44(2Р) _vLBC/SL _2rubbk |
||
| 700 | 1 |
_9z01790 _aНикулина _bС. _gСофия _4230 _4520 |
|
| 790 | 1 |
_9z01700 _aNikulina _bS. _gSofiya _4230 _4520 |
|
| 801 | 0 |
_aRU _bNLR _c20170524 _gPSBO |
|
| 801 | 1 |
_aRU _bNLR _c20170524 _2rusmarc |
|
| 801 | 2 |
_aRU _bNLR _c20170524 |
|
| 852 |
_aNLR _bМ _j3/11525 _pМОЭ 2011-20н/240н (2 экз.) _t1 |
||
| 942 | _cSCORE | ||
| 980 | _aNB | ||
| 980 | _aONIZ | ||